Word Ladder: A Simpsons Episode Quiz Stats

Quiz Updated Aug 12, 2016

Challenge
Share
Tweet
Embed
Score 0/26 Timer 03:00
1 Play Today
Clue 4-Letter Word % Correct
Where money is deposited and storedBANK
98.5%
A loud noise that comes after pulling the triggerBANG
98%
Halloween facial coverMASK
97.2%
Google's Microsoft competitorBING
96.2%
A large freshwater bodyLAKE
95.9%
Military level designationRANK
95.6%
TV show set during Korean WarM*A*S*H
94%
What a detective attempts to solveCASE
93.9%
A special event where prices are reducedSALE
93.7%
☆ Season 7 Episode: '___-[Last Rung] Homer' ☆
OR A male monarch
☆KING☆
93.5%
A large container for wine or beerCASK
93.1%
Fabric made from a worm's outputSILK
92.9%
NaCl in common usageSALT
92.2%
Clue 4-Letter Word % Correct
Of sound mindSANE
92%
☆ 'Homer, you're, uh, on the towel ___' ☆☆RACK☆
91.3%
☆ 'Now I'm a big fat dynamo! And where's that ___?' ☆☆CAKE☆
91.1%
Trigonometric function SINE
90.9%
To mope or act downtrodden SULK
90.6%
To be withoutLACK
90.5%
Loose sedimentSILT
90.4%
A soft open-weave fabricLACE
90.3%
Intake through a strawSUCK
88.8%
☆ Season 7 Episode: '[First Rung]-___ Homer' ☆
OR Large, medium or small, e.g.
☆SIZE☆
87.4%
In great quantity or amountMUCH
82%
Ratio to the speed of soundMACH
81.7%
Postal Service hit song: '___ Great Heights'SUCH
80%

Today's Daily Dose

You're not logged in!

Compare scores with friends on all Sporcle quizzes.
Sign Up with Email
OR
Log In

You Might Also Like...

Show Comments

Extras

Top Quizzes Today


Score Distribution

Your Account Isn't Verified!

In order to create a playlist on Sporcle, you need to verify the email address you used during registration. Go to your Sporcle Settings to finish the process.